000
00289nam a22001337a 4500
008
181101b xxu||||| |||| 00| 0 eng d
020
_a
071670269
041
_a
eng
080
_2
4th
_a
910
100
_a
42
101
_a
GJEO
245
_a
Pinciples of Geology
_c
Gilluly
942
_2
udc
_c
BK
999
_c
51549
_d
51549